বায়োডাইভারসিটি : (Record no. 49339)
[ view plain ]
| 000 -LEADER | |
|---|---|
| fixed length control field | 01216nam a22002657a 4500 |
| 001 - CONTROL NUMBER | |
| control field | 49339 |
| 003 - CONTROL NUMBER IDENTIFIER | |
| rucl marc code | BD-RjUL |
| 005 - DATE AND TIME OF LATEST TRANSACTION | |
| control field | 20230320100849.0 |
| 008 - FIXED-LENGTH DATA ELEMENTS--GENERAL INFORMATION | |
| fixed length control field | 160820b2001 b a|||| |||| 00| 0 ben d |
| 020 ## - INTERNATIONAL STANDARD BOOK NUMBER | |
| International Standard Book Number | 9848214135 |
| Terms of availability | : TK 150.00 |
| 035 ## - SYSTEM CONTROL NUMBER | |
| System control number | (BD-RjUL)49458 |
| 040 ## - CATALOGING SOURCE | |
| Original cataloging agency | BD-RjUL |
| Language of cataloging | ben |
| Transcribing agency | BD-RjUL |
| Modifying agency | BD-RjUL |
| 041 ## - LANGUAGE CODE | |
| Language code of text/sound track or separate title | ben |
| 082 ## - DEWEY DECIMAL CLASSIFICATION NUMBER | |
| Edition number | 23 |
| Classification number | 581 |
| Author mark and year | PAB 2001 |
| 100 ## - MAIN ENTRY--PERSONAL NAME | |
| Personal name | পাল, নিশীথ কুমার |
| 9 (RLIN) | 121656 |
| 245 10 - TITLE STATEMENT | |
| Title | বায়োডাইভারসিটি : |
| Remainder of title | (উদ্ভিদ এবং প্রানী বৈচিত্র) / |
| Statement of responsibility, etc. | নিশীথ কুমার পাল, মোঃ আব্দুল মান্নান সরকার |
| 250 ## - EDITION STATEMENT | |
| Edition statement | ২য় সং. |
| 260 ## - PUBLICATION, DISTRIBUTION, ETC. (IMPRINT) | |
| Place of publication, distribution, etc. | রাজশাহী : |
| Name of publisher, distributor, etc. | ইউরেকা বুক এজেন্সী, |
| Date of publication, distribution, etc. | ২০০১ |
| 300 ## - PHYSICAL DESCRIPTION | |
| Pagination | [১২] ২৪৪ পৃ. : |
| Illustrations | চিত্র ; |
| Size | ১৯ সেমি. |
| 504 ## - BIBLIOGRAPHY, ETC. NOTE | |
| Bibliography, etc | তথ্যপঞ্জি : পৃ. ২২৪-২২৫ |
| 650 ## - SUBJECT ADDED ENTRY--TOPICAL TERM | |
| Topical term or geographic name as entry element | Biological diversity |
| 9 (RLIN) | 148173 |
| Topical term or geographic name as entry element | জীব বৈচিত্র্য |
| 9 (RLIN) | 148174 |
| 700 ## - ADDED ENTRY--PERSONAL NAME | |
| Personal name | সরকার, মো. আব্দুল মান্নান, যুগ্ম লেখক |
| 942 ## - ADDED ENTRY ELEMENTS (KOHA) | |
| Source of classification or shelving scheme | Dewey Decimal Classification |
| Koha item type | Books |
| Lost status | Source of classification or shelving scheme | Damaged status | Not for loan | Collection code | Permanent Location | Current Location | Shelving location | Date acquired | Source of acquisition | Cost, normal purchase price | Total Checkouts | Full call number | Date last seen | Date checked out | Copy number | Koha item type |
|---|---|---|---|---|---|---|---|---|---|---|---|---|---|---|---|---|
| Dewey Decimal Classification | Non-fiction | Central Library, University of Rajshahi | Central Library, University of Rajshahi | 03/08/2002 | author R.U. | 150.00 | 1 | B 581 PAB 2001 | 30/10/2022 | 17/10/2022 | C-2 | Books | ||||
| Dewey Decimal Classification | Non-fiction | Central Library, University of Rajshahi | Central Library, University of Rajshahi | 03/08/2002 | author R.U. | 150.00 | B 581 PAB 2001 | 20/08/2016 | C-3 | Books | ||||||
| Dewey Decimal Classification | Non-fiction | Central Library, University of Rajshahi | Central Library, University of Rajshahi | 03/08/2008 | Prof. Nishit Kumar | 150.00 | 1 | B 581 PAB 2001 | 07/09/2022 | 24/08/2022 | C-4 | Books |